00906nam a2200193 a 450000100100000000500170001000800410002704000250006810000440009324501150013726000630025230000200031549000320033571000730036783000390044095201050047995201110058499900170069500004329820201002040811.0140304s2012 dr 000 0 spa d aDO-SdBNPbspacBNPHU1 aDespradel Cabral, Alberto Emilio97093714aLas dos últimas décadas de las relaciones Dominico Haitianas 1990-2011 /cAlberto Emilio Despradel Cabral. aSanto Domingo, :bUNICARIBE,c2012fSomos Artes Gráficas a77 p. ;c24 cm.1 aCuadernos Diplomáticosv812aUniversidad del CaribebEscuela de Relaciones Internacionales970929 0aCuadernos Diplomáticosn8970938 0010718PDaPDbPDcHDd2014-03-04iLF1l0o p43298-10r2020-06-25w2020-06-25yLFPDZNo se presta 0010718PDaPDbPDcHDd2015-06-05iLF1l0o p43298-20r2020-06-25te. 2w2020-06-25yLFPDZNo se presta c42787d42787